Title in the lyrics - Musical edition - Statistics

General Stats
  • This quiz has been taken 13 times
  • The average score is 3 of 15
Answer Stats
Hint Answer % Correct
My, my, how can I resist ya? / ____ __, does it show again? Mamma Mia
100%
Because I knew you / I have been changed __ ___ For Good
71%
Pardon me, are you ____ __, __? / That depends who's asking? Aaron Burr, Sir
29%
We're free to take our crowning glory / for five more minutes / we're __ Six
29%
Skyscrapers bloom in _____ / Cadillacs zoom in _____ America
14%
There's nothing else for me to do / I'm ____ ____ _ __ Hopelessly Devoted to You
14%
____ _ __ ____ at a party / Forget how long it's been Michael in The Bathroom
14%
Pumpkins scream in the dread of night / ___ __ _____ This is Halloween
14%
The blackness would hit me / And the void would be calling / Let's do the ___ ___ again Time Warp
14%
___ __ ___ / Suck on that straw / Get lost in the pain Freeze Your Brain
0%
It's so incredibly hard / So inconceivably unbelievably hard / It's ___ __ __ __ ___ Hard to be the Bard
0%
Have you heard? There's a _____ _ _ ____ Rumour in St. Petersburg
0%
It's like making love with you all night / No, wait, it feels _ __ __ So Much Better
0%
Because addition and subtraction and division / would never make me feel so ____ __ ___ Stupid With Love
0%
You don't need no makeup, don't have to pretend / _____ _____ is here to provide you Suddenly, Seymore
0%
No matching quizzes found
Score Distribution
Percent of People with Each Score
Percentile by Number Answered
Your Score History
You have not taken this quiz